Transforming heritage in the former Yugoslavia : synchronous pasts /

Bibliographic Details
Other Authors: Badescu, Gruia (Editor), Baillie, Britt, 1982- (Editor), Mazzucchelli, Francesco (Editor)
Format: Book
Language:English
Published: New York : Palgrave Macmillan, [2021]
Series:Palgrave studies in cultural heritage and conflict.
Subjects:

MARC

Tag First Indicator Second Indicator Subfields
LEADER 00000cam a2200000 i 4500
001 in00004367481
005 20220105155819.0
008 210720t20212021nyuab b 001 0 eng d
020 |a 9783030764005  |q hardcover 
020 |a 3030764001  |q hardcover 
020 |z 9783030764012  |q electronic book 
035 |a (OCoLC)on1263788414 
040 |a YDX  |e rda  |c YDX  |d COO  |d BDX  |d TXA  |d UtOrBLW 
043 |a e-yu--- 
049 |a TXAM 
082 0 |a 363.6909497  |2 23 
090 |a DR1317  |b .T73 2021 
245 0 0 |a Transforming heritage in the former Yugoslavia :  |b synchronous pasts /  |c Gruia Badescu, Britt Baillie, Francesco Mazzucchelli, editors. 
264 1 |a New York :  |b Palgrave Macmillan,  |c [2021] 
264 4 |c ©2021 
300 |a xxi, 400 pages :  |b illustrations, maps ;  |c 22 cm. 
336 |a text  |b txt  |2 rdacontent 
337 |a unmediated  |b n  |2 rdamedia 
338 |a volume  |b nc  |2 rdacarrier 
490 1 |a Palgrave studies in cultural heritage and conflict 
504 |a Includes bibliographical references and index. 
650 0 |a Cultural property  |z Former Yugoslav republics. 
650 0 |a Collective memory  |z Former Yugoslav republics. 
700 1 |a Badescu, Gruia,  |e editor. 
700 1 |a Baillie, Britt,  |d 1982-  |e editor.  |0 http://id.loc.gov/authorities/names/n2013030261 
700 1 |a Mazzucchelli, Francesco,  |e editor.  |0 http://id.loc.gov/authorities/names/no2010156977 
830 0 |a Palgrave studies in cultural heritage and conflict.  |0 http://id.loc.gov/authorities/names/no2016025240 
945 |a PromptCat 
948 |a cataloged  |b h  |c 2021/10/07  |d c  |e dmitchel  |f 8:20:10 AM 
994 |a C0  |b TXA 
999 f f |s c4585320-3eb8-37b7-8b08-5f2566c8889a  |i 8a5a2fb7-39a6-38fb-bb70-f2e17b2744ec  |t 0 
952 f f |p normal  |a Texas A&M University  |b College Station  |c Sterling C. Evans Library  |d Evans: Library Stacks  |t 0  |e DR1317 .T73 2021  |h Library of Congress classification  |i unmediated -- volume  |m A1485160052 
952 f f |p normal  |a Texas A&M University  |b College Station  |c Sterling C. Evans Library  |d Evans: Library Stacks  |t 0  |e DR1317 .T73 2021  |h Library of Congress classification  |i unmediated -- volume  |m A14851650052 
998 f f |a DR1317 .T73 2021  |t 0  |l Evans: Library Stacks